[Event "Durban USSA op"]
[Site "Durban"]
[Date "2023.12.04"]
[Round "2"]
[White "Nkululeko, Dumakude"]
[Black "Schnabel, Johann Emil"]
[Result "0-1"]
[WhiteElo "1342"]
[BlackElo "1719"]
[PlyCount "80"]
[EventDate "2023.12.04"]
[EventType "swiss"]
[EventRounds "9"]
[EventCountry "RSA"]
[SourceTitle "CB50_2023"]
[SourceDate "2023.12.13"]
[SourceVersion "1"]
[SourceVersionDate "2023.12.13"]
[SourceQuality "1"]

1. d4 Nf6 2. c4 g6 3. Nc3 Bg7 4. e4 d6 5. Bd3 0-0 6. f3 c5 7. d5 a6 8. Be3 Nbd7 9. h4 Ne5 10. Nge2 b5 11. h5 bxc4 12. Bc2 Rb8 13. hxg6 fxg6 14. Rb1 Nh5 15. Kd2 a5 16. Rxh5 gxh5 17. Qh1 Qe8 18. Ng3 h4 19. Qxh4 Rxf3 20. Bd1 Bf6 21. Qh5 Qxh5 22. Nxh5 Rf1 23. Ng3 Rxd1+ 24. Kxd1 Ng4 25. Bd2 Ne3+ 26. Bxe3 Bxc3 27. Kc2 Bf6 28. b3 cxb3+ 29. Rxb3 Rb4 30. Rxb4 axb4 31. Kb3 Bg4 32. Kc2 Kf7 33. Bc1 Be5 34. Nf5 Bxf5 35. exf5 h5 36. Kd3 Kf6 37. Ke4 c4 38. a4 b3 39. a5 c3 40. a6 b2 0-1